000 01802 a2200289 4500
001 249
005 20260407155416.0
008 260407a2009 arg spa d
003 AR-UNSa-BCEJYS
040 _aAR-UNSa-BCEJYS
_bspa
_cAR-UNSa-BCEJYS
080 _a657
_xContabilidad
245 1 0 _aContabilidad, pasado, presente y futuro
020 _a978-987-03-1524-7
264 1 _aBuenos Aires :
_bLa Ley
_c2009
300 _axxxiv, 787 p.
_c24 cm.
505 _a1. Objetivos de la contabilidad. Marco conceptual. Informes contables - 2. Temas esenciales. Los modelos contables - 3. Patrimonio neto - 4. Resultados - 5. Conversiones - 6. Caja y bancos - 7. Cuentas a cobrar (Créditos) - 8. Inversiones - 9. Bienes de cambio y costos de los productos vendidos - 10. Bienes de uso (propiedad, planta y equipo)- 11. Activos intangibles - 12. Compromisos ciertos - 13. Contingencias - 14. Estado de situación patrimonial (balance general) - 15. Estado de resultados - 16. Estado de evolución del patrimonio neto - 17. El estado de cambios en los recursos financieros - 18. Información complementaria e informes sobre estados contables - 19. Doctrina contable: su evolución - 20. La medición del capital a mantener - 21. Información contable proyectada o prospectiva - 22. Análisis de la información contable - 23. La información por segmentos
041 _aspa
942 _cBK
590 _aniveau_biblio:m niveau_hierar:0
100 1 _aPahlen Acuña, Ricardo Jose María
700 1 _aFronti de García, Luisa
700 1 _aCampo, Ana María
700 1 _aHelouani, Rubén
700 1 _aChaves, Osvaldo Argentino
700 1 _aViegas, Juan Carlos
856 4 1 _uhttps://biblioeco.unsa.edu.ar/pmb/images/libros/Contabilidad Pasado, Presente y Futuro 2.jpg
_yImagen de portada
_qimage/jpeg
999 _c164
_d164